000 01119nam a2200217Ia 4500
999 _c38344
_d38344
001 4354
003 GE_BSU
005 20191010122737.0
008 181216s1962||||ge |||||||||||||| ||geo||
040 _cGE_BSU
041 _ageo
080 _a34 "653' დ–48
245 _aშუა საუკუნეების სამართალი :
_bტ. 2. განვითარებული ფეოდალიზმის ხანა (XI-XIV) /
_c შეადგ. და კომენტარები დაურთო ი. დოლიძემ; რედ. გ. ჟორდანია.
264 _aთბ.:
_bსაქ. სსრ მეცნ. აკად. გამ-ბა,
_c1962.
300 _a644 გვ. ;
_b22 სმ.
653 _aშუა საუკუნეების სამართალი.
653 _aგანვითარებული ფეოდალიზმის ხანა
700 _aდოლიძემ, ი.
_eშემდგენელი
_94667
700 _aჟორდანია, გ.
_eრედაქტორი
_94668
942 _cBK
_2udc